000 00678nam a2200241 a 4500
001 00006598
008 110328s1999 si a g 000 0 eng d
020 _a0137955502 :
_c
_28.00
040 _aBD-DhIUB
_cBD-DhIUB
082 0 4 _a658.80954
_219
100 1 _aCapon, Noel
245 0 0 _aThe Asian marketing casebook /
_cNoel Capon, Wilfried R. Vanhonacker
250 _a1st ed.
260 _aSingapore :
_bPrentice Hall,
_c1999.
300 _axxvi, 958 p. :
_bill. ;
_c24 cm.
520 0 _aBusiness
556 _a2000-11-01
650 1 7 _aMarketings
_2Spines
651 4 _aAsia
700 1 _aVanhonacker, Wilfried R.
999 _c4102
_d4102
526 _bmkt